Stavebnícky náučný slovník I. zv. : Látky a dielce /
Uložené v:
| Ďalší autori: | |
|---|---|
| Médium: | Kniha |
| Jazyk: | Slovak |
| Vydavateľské údaje: |
Bratislava :
SVTL,
1961
|
| Vydanie: | 2. čiastočne opravené vydanie |
| Predmet: | |
| Tagy: |
Žiadne tagy, Buďte prvý, kto otaguje tento záznam!
|
MARC
| LEADER | 00000nam a22000003a 4500 | ||
|---|---|---|---|
| 001 | stu231205 | ||
| 005 | 20200911124720.5 | ||
| 008 | 110712s1961----cs------------------slo-d | ||
| 040 | |a STU |b slo | ||
| 041 | 0 | |a slo | |
| 044 | |a cs | ||
| 080 | |a 801.321.1=854 |7 stu_us_auth*stu4325 | ||
| 080 | |a 69 | ||
| 080 | |a 69.002.5/032/ | ||
| 100 | 1 | |a Šaling, Samo |4 lso | |
| 245 | |a Stavebnícky náučný slovník I. zv. : |b Látky a dielce / |c lso. Samo Šaling ; ed. Laco Cyprián | ||
| 250 | |a 2. čiastočne opravené vydanie | ||
| 260 | |a Bratislava : |b SVTL, |c 1961 | ||
| 300 | |a 504 s. | ||
| 650 | 0 | 7 | |a látky |
| 650 | 0 | 7 | |a stavebné materiály |
| 700 | 1 | |a Laco, Cyprián |4 edt | |
| 996 | |b 284V028762 |c V*5191/O-547 I. |l VVT |s A |a 24 |w stu231205_0001 | ||
| 996 | |b 284AU07803 |c A* 11062/U |l AAKNST |s P |a 0 |w stu231205_0002 | ||